000 00580cam a2200205 4500
001 2128
005 20181127164616.0
008 800814s1981 nyua b 001 0 eng
010 _a 80021410
020 _a0393950581
100 1 _aRima, Ingrid Hahne,
_d1925-
245 1 0 _aLabor markets, wages, and employment /
_cIngrid H. Rima.
250 _a1st ed.
260 _aNew York :
_bNorton,
_cc1981.
300 _aix, 399 p. :
_bill. ;
_c24 cm.
504 _aIncludes bibliographies and index.
650 0 _aLabor economics.
650 0 _aLabor supply.
650 0 _aManpower policy.
999 _c1673
_d1673